[Event "CCT Play-in Chessable Masters 2024"]
[Site "Online"]
[Date "2024.01.31"]
[Round "2"]
[White "igorkovalenko"]
[Black "Frolyanov, Dmitry"]
[Result "1/2-1/2"]
[WhiteElo "2604"]
[BlackElo "2495"]
[Annotator "RC"]
[PlyCount "139"]
[EventDate "2024.01.26"]
[EventType "swiss"]
[EventCountry "NET"]
[SourceTitle "playchess.com"]
[Source "ChessBase"]
[SourceQuality "1"]

1. c4 e6 2. b3 b6 3. Bb2 Bb7 4. e3 Nf6 5. Nf3 d5 6. cxd5 exd5 7. Nc3 a6 8. Ne2 Bd6 9. Ng3 Bxg3 10. hxg3 Nbd7 11. Qc2 c5 12. Bd3 Qe7 13. Bf5 O-O-O 14. d4 Kb8 15. O-O h5 16. dxc5 Nxc5 17. Bd4 g6 18. b4 Ne6 19. Bxe6 Qxe6 20. Qb2 Rd6 21. Be5 Ka7 22. Ng5 Qf5 23. Bxd6 Qxg5 24. Be7 d4 25. Qxd4 Qd5 26. Qxd5 Nxd5 27. Bg5 Nxb4 28. Rfd1 Nd5 29. Rac1 Re8 30. Rd4 Re5 31. Bh6 f5 32. a3 a5 33. Bf4 Re6 34. Rcd1 Nc3 35. R1d2 Nb5 36. R4d3 a4 37. Rb2 Ka6 38. f3 Rc6 39. Be5 Rc5 40. Bf6 Bd5 41. Be7 Rc1+ 42. Kh2 Bb3 43. Bb4 Ra1 44. Rbxb3 axb3 45. Rxb3 Rd1 46. g4 hxg4 47. fxg4 Nc7 48. gxf5 gxf5 49. Kg3 Nd5 50. Bf8 Ka5 51. Kf3 Ka4 52. Rb2 Rd3 53. Re2 f4 54. Ke4 Rxe3+ 55. Rxe3 Nxe3 56. g3 fxg3 57. Kxe3 Kb5 58. Kf3 Ka6 59. Kxg3 b5 60. Kf4 Kb7 61. Ke4 Kc6 62. Kd4 Kb7 63. Kc5 Ka7 64. Kc6 Ka8 65. Bc5 Kb8 66. Kb6 Ka8 67. Ka6 Kb8 68. Ba7+ Ka8 69. Kb6 b4 70. axb4 1/2-1/2

[Event "CCT Play-in Chessable Masters 2024"]
[Site "Online"]
[Date "2024.01.31"]
[Round "2"]
[White "AvitalBor"]
[Black "Sattarov, Bobir"]
[Result "1/2-1/2"]
[WhiteElo "2602"]
[BlackElo "2351"]
[Annotator "RC"]
[PlyCount "69"]
[EventDate "2024.01.26"]
[EventType "swiss"]
[EventCountry "NET"]
[SourceTitle "playchess.com"]
[Source "ChessBase"]
[SourceQuality "1"]

1. e4 e5 2. Nc3 Nf6 3. f4 d5 4. fxe5 Nxe4 5. Qf3 f5 6. exf6 Nxf6 7. d4 Bg4 8. Qd3 Nc6 9. Be3 Nb4 10. Qd2 Bf5 11. Bb5+ c6 12. Ba4 Bd6 13. a3 a5 14. Bb3 Na6 15. Nf3 O-O 16. O-O-O b5 17. Ne5 b4 18. axb4 axb4 19. Na4 Qc7 20. Rhf1 Ne4 21. Qe2 Qb7 22. Rf4 Nc7 23. Rdf1 Be6 24. Rxf8+ Rxf8 25. Rxf8+ Bxf8 26. Nc5 Bxc5 27. dxc5 Qa7 28. Kb1 Nb5 29. Bd2 Qxc5 30. Qxe4 dxe4 31. Bxe6+ Kh8 32. Nf7+ Kg8 33. Ne5+ Kh8 34. Nf7+ Kg8 35. Ne5+ 1/2-1/2

[Event "CCT Play-in Chessable Masters 2024"]
[Site "Online"]
[Date "2024.01.31"]
[Round "2"]
[White "Iturrizaga Bonelli, Eduardo"]
[Black "Mendonca, Leon Luke"]
[Result "1-0"]
[WhiteElo "2600"]
[BlackElo "2608"]
[Annotator "RC"]
[PlyCount "93"]
[EventDate "2024.01.26"]
[EventType "swiss"]
[EventCountry "NET"]
[SourceTitle "playchess.com"]
[Source "ChessBase"]
[SourceQuality "1"]

1. c4 b6 2. Nf3 Bb7 3. g3 Nf6 4. Bg2 g6 5. O-O Bg7 6. Nc3 O-O 7. Qc2 c5 8. Rd1 Nc6 9. b3 d5 10. cxd5 Nxd5 11. Bb2 Rc8 12. Nxd5 Qxd5 13. Bxg7 Kxg7 14. Qb2+ Kg8 15. e3 Rfd8 16. d4 Qh5 17. h3 cxd4 18. g4 Qa5 19. Nxd4 Nxd4 20. Bxb7 Rc2 21. Qxc2 Nxc2 22. Rxd8+ Kg7 23. Rc1 Nb4 24. a4 b5 25. Rd7 bxa4 26. bxa4 Qxa4 27. Rxe7 a5 28. Bc8 Kf6 29. Ra7 Qb5 30. Rcc7 Qd5 31. Bb7 Qa2 32. Ba6 Nxa6 33. Rxa6+ Kg5 34. Rc5+ Kh4 35. Kg2 Qb3 36. Raxa5 Qb7+ 37. Rd5 Qc6 38. Rac5 Qb7 39. e4 g5 40. Rc3 Qb4 41. Re3 f6 42. Rf5 Qd4 43. Ref3 h5 44. Rxf6 Qxe4 45. Rh6 Qh7 46. Rxh5+ Qxh5 47. gxh5 1-0

[Event "CCT Play-in Chessable Masters 2024"]
[Site "Online"]
[Date "2024.01.31"]
[Round "2"]
[White "Kravtsiv, Martyn"]
[Black "BrandonJacobson"]
[Result "0-1"]
[WhiteElo "2598"]
[BlackElo "2418"]
[Annotator "RC"]
[PlyCount "86"]
[EventDate "2024.01.26"]
[EventType "swiss"]
[EventCountry "NET"]
[SourceTitle "playchess.com"]
[Source "ChessBase"]
[SourceQuality "1"]

1. e4 e5 2. Nf3 Nc6 3. Nc3 Nf6 4. a4 h6 5. Bb5 Bd6 6. O-O O-O 7. d3 Ne7 8. Bc4 Ng6 9. d4 Re8 10. d5 Bc5 11. Qd3 d6 12. Ne2 Nxe4 13. Qxe4 f5 14. Qd3 e4 15. Qb3 exf3 16. Qxf3 Ne5 17. Qc3 Qh4 18. Bf4 Nxc4 19. Qxc4 Re4 20. Qd3 Rxf4 21. g3 Rg4 22. c3 Qh3 23. Rad1 a6 24. b4 Ba7 25. Nf4 Rxf4 26. gxf4 Qxd3 27. Rxd3 Bd7 28. Re1 Re8 29. Rxe8+ Bxe8 30. a5 Bb5 31. Rd1 Kf7 32. Kg2 Be2 33. Rd2 Bc4 34. Kf3 b6 35. Rd4 Bb3 36. axb6 Bxb6 37. Rd2 g5 38. Kg3 Kf6 39. h4 g4 40. f3 h5 41. fxg4 fxg4 42. f5 Kxf5 43. Rf2+ Bxf2+ 0-1

[Event "CCT Play-in Chessable Masters 2024"]
[Site "Online"]
[Date "2024.01.31"]
[Round "2"]
[White "Vaibhav, Suri"]
[Black "Samunenkov, Ihor"]
[Result "0-1"]
[WhiteElo "2596"]
[BlackElo "2533"]
[Annotator "RC"]
[PlyCount "80"]
[EventDate "2024.01.26"]
[EventType "swiss"]
[EventCountry "NET"]
[SourceTitle "playchess.com"]
[Source "ChessBase"]
[SourceQuality "1"]

1. e4 e5 2. Nf3 Nf6 3. d4 Nxe4 4. Bd3 d5 5. Nxe5 Nd7 6. O-O Nxe5 7. dxe5 Nc5 8. Be3 Be7 9. f4 Nxd3 10. Qxd3 g6 11. Nd2 c5 12. c3 Bf5 13. Qe2 Qd7 14. h3 h5 15. Rad1 Kf8 16. Nf3 Kg7 17. Qf2 b6 18. Nh4 Rad8 19. Nxf5+ Qxf5 20. Qf3 d4 21. cxd4 cxd4 22. Rxd4 Bc5 23. g4 hxg4 24. hxg4 Qc2 25. Rf2 Qb1+ 26. Rf1 Qxb2 27. Rf2 Qa1+ 28. Rf1 Qxa2 29. Rf2 Qa1+ 30. Rf1 Qxd4 31. Bxd4 Rxd4 32. Rf2 Rd2 33. f5 Bxf2+ 34. Kf1 Rh1+ 35. Kg2 Rg1+ 36. Kh2 Bd4+ 37. Kh3 Bxe5 38. f6+ Kh7 39. Kh4 Rh2+ 40. Kg5 Rh5# 0-1

[Event "CCT Play-in Chessable Masters 2024"]
[Site "Online"]
[Date "2024.01.31"]
[Round "2"]
[White "Vokhidov, Shamsiddin"]
[Black "Shtembuliak, Evgeny"]
[Result "1-0"]
[WhiteElo "2596"]
[BlackElo "2620"]
[Annotator "RC"]
[PlyCount "87"]
[EventDate "2024.01.26"]
[EventType "swiss"]
[EventCountry "NET"]
[SourceTitle "playchess.com"]
[Source "ChessBase"]
[SourceQuality "1"]

1. e4 d6 2. d4 g6 3. Bc4 Bg7 4. Nf3 e6 5. Qe2 Ne7 6. c3 a6 7. Bd3 Nd7 8. Nbd2 h6 9. O-O b6 10. Rd1 Bb7 11. Nf1 O-O 12. Bc2 Qe8 13. h4 f5 14. Re1 Qf7 15. N1h2 Rae8 16. e5 dxe5 17. dxe5 Nc5 18. Be3 Ne4 19. Rad1 Nd5 20. Bc1 c5 21. Qf1 Qc7 22. Nd2 Nxd2 23. Bxd2 Bxe5 24. Nf3 Bg7 25. Bb3 Kh7 26. Qe2 b5 27. Ne5 c4 28. Bc2 Qe7 29. h5 Bxe5 30. hxg6+ Kxg6 31. Qxe5 Kh7 32. Bc1 Qf7 33. Rd4 Rg8 34. Rh4 Rg6 35. Bxf5 exf5 36. Qxe8 Rxg2+ 37. Kf1 Rg1+ 38. Kxg1 Qg7+ 39. Kf1 Nf6 40. Rxh6+ Qxh6 41. Re7+ Qg7 42. Rxg7+ Kxg7 43. Qe7+ Kg6 44. Qxb7 1-0

[Event "CCT Play-in Chessable Masters 2024"]
[Site "Online"]
[Date "2024.01.31"]
[Round "2"]
[White "Indjic, Aleksandar"]
[Black "Svidler, Peter"]
[Result "0-1"]
[WhiteElo "2595"]
[BlackElo "2689"]
[Annotator "TA"]
[PlyCount "66"]
[EventDate "2024.01.26"]
[EventType "swiss"]
[EventCountry "NET"]
[SourceTitle "playchess.com"]
[Source "ChessBase"]
[SourceQuality "1"]

1. e4 e5 2. Nc3 Nc6 3. f4 exf4 4. d4 Qh4+ 5. Ke2 d5 6. Nxd5 Bg4+ 7. Nf3 O-O-O 8. Bxf4 Nf6 9. Ke3 Nxd5+ 10. exd5 Re8+ 11. Kd2 Qf2+ 12. Kc3 Re1 13. Qd3 Nb4 14. Rxe1 Nxd3 15. Bxd3 Bxf3 16. gxf3 Bb4+ 17. Kxb4 Qxd4+ 18. c4 Qxf4 19. Kc3 Kd8 20. Re4 Qf6+ 21. Kc2 Re8 22. Rhe1 Rxe4 23. fxe4 Qe5 24. Re2 g5 25. b4 g4 26. Rf2 h5 27. c5 Ke7 28. Rf5 Qxh2+ 29. Kc3 g3 30. e5 g2 31. d6+ Kd8 32. e6 g1=Q 33. exf7 Qg7+ 0-1

[Event "CCT Play-in Chessable Masters 2024"]
[Site "Online"]
[Date "2024.01.31"]
[Round "2"]
[White "Laurusas, Tomas"]
[Black "Fridman, Daniel"]
[Result "0-1"]
[WhiteElo "2590"]
[BlackElo "2588"]
[Annotator "RC"]
[PlyCount "132"]
[EventDate "2024.01.26"]
[EventType "swiss"]
[EventCountry "NET"]
[SourceTitle "playchess.com"]
[Source "ChessBase"]
[SourceQuality "1"]

1. d4 d5 2. c4 e6 3. Nf3 Nf6 4. Nc3 c6 5. e3 Nbd7 6. Be2 Bd6 7. O-O O-O 8. b3 b6 9. Bb2 Bb7 10. Re1 Rc8 11. Rc1 Re8 12. Bd3 c5 13. cxd5 exd5 14. dxc5 bxc5 15. Bf5 g6 16. Bh3 a6 17. g3 Rc7 18. Bg2 Bf8 19. Na4 Bc6 20. Nc3 Qa8 21. Nd2 Ne5 22. Ne2 d4 23. Bxc6 Rxc6 24. Nf4 Rd6 25. Rxc5 Ne4 26. Rxe5 Rxe5 27. exd4 Nxd2 28. dxe5 Rd8 29. Re3 Bc5 30. Rd3 Rxd3 31. Nxd3 Nf3+ 32. Kf1 Nxh2+ 33. Ke2 Qe4+ 34. Kd2 Nf3+ 35. Kc1 Bf8 36. Bc3 Ba3+ 37. Kc2 h5 38. b4 a5 39. Kb3 axb4 40. Bxb4 Bxb4 41. Nxb4 Nd4+ 42. Kc3 Nb5+ 43. Kb3 Qxe5 44. Qd3 Nd4+ 45. Kc4 Ne6 46. Nd5 Qb2 47. a4 Qxf2 48. Qe3 Qa2+ 49. Qb3 Qe2+ 50. Qd3 Qxd3+ 51. Kxd3 Nc5+ 52. Kd4 Nxa4 53. Ke5 Kg7 54. Kd4 f6 55. Kc4 g5 56. Kd4 Kg6 57. Ne7+ Kf7 58. Nd5 Ke6 59. Nc7+ Kf5 60. Nd5 Nb2 61. Ne3+ Ke6 62. Nd5 Nd1 63. Nc7+ Kf5 64. Ne8 h4 65. gxh4 gxh4 66. Nd6+ Kf4 0-1

[Event "CCT Play-in Chessable Masters 2024"]
[Site "Online"]
[Date "2024.01.31"]
[Round "2"]
[White "Aditya Mittal"]
[Black "LastGladiator1"]
[Result "0-1"]
[WhiteElo "2588"]
[BlackElo "2621"]
[Annotator "RC"]
[PlyCount "90"]
[EventDate "2024.01.26"]
[EventType "swiss"]
[EventCountry "NET"]
[SourceTitle "playchess.com"]
[Source "ChessBase"]
[SourceQuality "1"]

1. d4 Nf6 2. c4 e6 3. Nc3 Bb4 4. Nf3 O-O 5. Bg5 h6 6. Bh4 c5 7. Rc1 cxd4 8. Nxd4 d5 9. cxd5 g5 10. Bg3 Qxd5 11. e3 Qxa2 12. Bd3 Qxb2 13. O-O Bxc3 14. Rc2 Qb4 15. Nb5 e5 16. Rxc3 Nc6 17. f4 exf4 18. exf4 Nd5 19. Rb3 Qe7 20. Re1 Qf6 21. fxg5 hxg5 22. Nd6 Rd8 23. Qh5 Nf4 24. Bxf4 gxf4 25. Bc4 Be6 26. Bxe6 Rxd6 27. Qg4+ Kf8 28. Bf5 Nd4 29. Bh7 Qg7 30. Qxg7+ Kxg7 31. Rxb7 Kxh7 32. Rxf7+ Kg6 33. Rxf4 Ne6 34. Rg4+ Kf7 35. Rb4 a5 36. Rb7+ Kg6 37. Re7 Kf6 38. Rb7 a4 39. Rf1+ Kg6 40. h4 a3 41. g4 a2 42. Ra1 Rd2 43. Rb6 Kf7 44. Rb7+ Kg8 45. Rb4 Nd4 0-1

[Event "CCT Play-in Chessable Masters 2024"]
[Site "Online"]
[Date "2024.01.31"]
[Round "2"]
[White "GMBenjaminBok"]
[Black "Nakamura, Hikaru"]
[Result "0-1"]
[WhiteElo "2588"]
[BlackElo "2788"]
[Annotator "TA"]
[PlyCount "77"]
[EventDate "2024.01.26"]
[EventType "swiss"]
[EventCountry "NET"]
[SourceTitle "playchess.com"]
[Source "ChessBase"]
[SourceQuality "1"]

1. d4 e6 2. c4 Bb4+ 3. Nd2 d5 4. Qa4+ Nc6 5. e3 Nf6 6. Ngf3 O-O 7. a3 Bd6 8. Qc2 Re8 9. Bd3 h6 10. O-O e5 11. cxd5 Nxd5 12. dxe5 Nxe5 13. Nxe5 Bxe5 14. Nc4 Bf6 15. Rd1 c6 16. e4 b5 17. Ne3 Nxe3 18. Bxe3 Bd7 19. f4 Qc8 20. e5 Bd8 21. Bh7+ Kh8 22. Be4 Bb6 23. Bxb6 axb6 24. Rac1 Ra4 25. Bxc6 Rc4 26. Qxc4 bxc4 27. Bxd7 Qc5+ 28. Kh1 Rd8 29. e6 fxe6 30. Bxe6 Rxd1+ 31. Rxd1 g6 32. h3 b5 33. Bd7 Kg7 34. Be8 Kf6 35. Re1 Qf2 36. Rb1 Qc2 37. Re1 Qxb2 38. Kh2 c3 39. Rd1 0-1

[Event "CCT Play-in Chessable Masters 2024"]
[Site "Online"]
[Date "2024.01.31"]
[Round "2"]
[White "Neiksans, Arturs"]
[Black "Antipov, Mikhail Al."]
[Result "1-0"]
[WhiteElo "2588"]
[BlackElo "2604"]
[Annotator "RC"]
[PlyCount "125"]
[EventDate "2024.01.26"]
[EventType "swiss"]
[EventCountry "NET"]
[SourceTitle "playchess.com"]
[Source "ChessBase"]
[SourceQuality "1"]

1. Nf3 c5 2. e4 Nc6 3. Bb5 d6 4. O-O Bd7 5. Re1 Nf6 6. c3 a6 7. Bf1 Bg4 8. d4 cxd4 9. cxd4 e5 10. Be3 exd4 11. Bxd4 Bxf3 12. gxf3 Be7 13. Nc3 Nxd4 14. Qxd4 O-O 15. Rad1 Re8 16. f4 Bf8 17. Bc4 Rc8 18. Bb3 Rc7 19. e5 Ng4 20. h3 Nh6 21. Nd5 Rc8 22. e6 fxe6 23. Nb6 Rc7 24. Rxe6 Rxe6 25. Bxe6+ Kh8 26. Nd5 Rc2 27. Qe4 Rxb2 28. Rc1 Qh4 29. Qd4 Qh5 30. Rc8 Qg6+ 31. Kh2 Qxe6 32. Rxf8+ Ng8 33. f5 Qe2 34. Nf6 Qxf2+ 35. Qxf2 Rxf2+ 36. Kg3 gxf6 37. Kxf2 Kg7 38. Rb8 b5 39. Rb7+ Kf8 40. Rxh7 Ne7 41. Rh8+ Kf7 42. Ra8 Nxf5 43. Rxa6 Ke6 44. Rb6 Nd4 45. Ke3 Ke5 46. Kd3 f5 47. Rb8 d5 48. Re8+ Ne6 49. Rb8 Nf4+ 50. Kd2 Nxh3 51. Rxb5 Ng5 52. a4 Ne4+ 53. Ke1 Kd6 54. a5 Kc6 55. a6 Kxb5 56. a7 Kc4 57. a8=Q f4 58. Qa6+ Kd4 59. Ke2 Ke5 60. Qa1+ Ke6 61. Qd4 Ng3+ 62. Kf3 Ne4 63. Kxf4 1-0

[Event "CCT Play-in Chessable Masters 2024"]
[Site "Online"]
[Date "2024.01.31"]
[Round "2"]
[White "Sasikiran, Krishnan"]
[Black "Demchenko, Anton"]
[Result "0-1"]
[WhiteElo "2586"]
[BlackElo "2609"]
[Annotator "RC"]
[PlyCount "78"]
[EventDate "2024.01.26"]
[EventType "swiss"]
[EventCountry "NET"]
[SourceTitle "playchess.com"]
[Source "ChessBase"]
[SourceQuality "1"]

1. e4 e5 2. Nf3 Nc6 3. Bb5 a6 4. Ba4 Nge7 5. c3 Ng6 6. d4 exd4 7. cxd4 Bb4+ 8. Nc3 d5 9. exd5 Bxc3+ 10. bxc3 Qxd5 11. O-O O-O 12. Bb3 Qh5 13. Ng5 Qxd1 14. Rxd1 Na5 15. Bc2 Re8 16. f3 b6 17. Kf2 Bb7 18. g3 h6 19. Ne4 Ne7 20. g4 Rad8 21. h4 Nc4 22. Bd3 Bd5 23. h5 f6 24. Bxh6 Nb2 25. Bf4 Nxd1+ 26. Rxd1 Rd7 27. h6 Bxe4 28. fxe4 b5 29. a4 c6 30. hxg7 Kxg7 31. g5 fxg5 32. Bxg5 Rh8 33. Rg1 Kf8 34. Ke3 Rh3+ 35. Kd2 bxa4 36. Bc4 Rh2+ 37. Kc1 a3 38. Bf4 Rf2 39. Bd2 Rb7 0-1

[Event "CCT Play-in Chessable Masters 2024"]
[Site "Online"]
[Date "2024.01.31"]
[Round "2"]
[White "DrVelja"]
[Black "Yu, Yangyi"]
[Result "0-1"]
[WhiteElo "2585"]
[BlackElo "2720"]
[Annotator "TA"]
[PlyCount "62"]
[EventDate "2024.01.26"]
[EventType "swiss"]
[EventCountry "NET"]
[SourceTitle "playchess.com"]
[Source "ChessBase"]
[SourceQuality "1"]

1. e4 c5 2. Nf3 e6 3. c3 Nf6 4. e5 Nd5 5. d4 cxd4 6. cxd4 d6 7. Bc4 Be7 8. O-O O-O 9. Qe2 a6 10. Nc3 dxe5 11. dxe5 Nxc3 12. bxc3 Bd7 13. Rd1 Qa5 14. Bd3 Bb5 15. c4 Bc6 16. Nd4 Rd8 17. Bb2 Nd7 18. Nxc6 bxc6 19. Be4 Rac8 20. Bf3 g6 21. g3 Bf8 22. Rd3 Nc5 23. Rxd8 Rxd8 24. Rd1 Rxd1+ 25. Qxd1 Qxa2 26. Bc1 Qxc4 27. Be3 Qd3 28. Qa1 Nb3 29. Qa4 c5 30. Qe8 Nd2 31. Bh6 Qf1# 0-1

[Event "CCT Play-in Chessable Masters 2024"]
[Site "Online"]
[Date "2024.01.31"]
[Round "2"]
[White "Nesterov, Arseniy"]
[Black "Fernandez, Daniel"]
[Result "0-1"]
[WhiteElo "2584"]
[BlackElo "2424"]
[Annotator "RC"]
[PlyCount "70"]
[EventDate "2024.01.26"]
[EventType "swiss"]
[EventCountry "NET"]
[SourceTitle "playchess.com"]
[Source "ChessBase"]
[SourceQuality "1"]

1. d4 Nf6 2. c4 e6 3. Nf3 d5 4. Nc3 Bb4 5. Bg5 dxc4 6. e4 c5 7. e5 cxd4 8. Qa4+ Nc6 9. O-O-O Bd7 10. Ne4 Be7 11. exf6 gxf6 12. Bh4 Nb4 13. Qxb4 Bxb4 14. Nxf6+ Kf8 15. Rxd4 Be7 16. Nxd7+ Ke8 17. Bxe7 Qxe7 18. Bxc4 Rc8 19. Kb1 Rxc4 20. Rxc4 Qxd7 21. Rhc1 Kf8 22. Ne5 Qd5 23. Re1 h5 24. Rc7 Rh7 25. f3 Qd2 26. Rec1 Qxg2 27. Rxb7 Qxh2 28. Rc8+ Kg7 29. Nxf7 Kf6 30. Rcc7 Qh1+ 31. Kc2 Qg2+ 32. Kb3 h4 33. Ka4 h3 34. Rb4 Qd2 35. Ng5 Qd1+ 0-1

[Event "CCT Play-in Chessable Masters 2024"]
[Site "Online"]
[Date "2024.01.31"]
[Round "2"]
[White "Sereiaza"]
[Black "Tregubov, Pavel V."]
[Result "1/2-1/2"]
[WhiteElo "2584"]
[BlackElo "2567"]
[Annotator "RC"]
[PlyCount "114"]
[EventDate "2024.01.26"]
[EventType "swiss"]
[EventCountry "NET"]
[SourceTitle "playchess.com"]
[Source "ChessBase"]
[SourceQuality "1"]

1. e4 c5 2. Nf3 e6 3. d4 cxd4 4. Nxd4 Nf6 5. Nc3 Nc6 6. Ndb5 Bb4 7. a3 Bxc3+ 8. Nxc3 d5 9. Bd3 dxe4 10. Nxe4 Nxe4 11. Bxe4 Qxd1+ 12. Kxd1 Bd7 13. c3 O-O-O 14. Kc2 Ne5 15. Bf4 Bc6 16. Bxc6 Nxc6 17. Rad1 e5 18. Be3 Kc7 19. c4 a6 20. b4 b5 21. Kc3 f6 22. a4 bxa4 23. Rxd8 Rxd8 24. Ra1 e4 25. Rxa4 Rd3+ 26. Kc2 Nd4+ 27. Bxd4 Rxd4 28. Rxa6 Rxc4+ 29. Kb3 Rd4 30. Ra7+ Kd6 31. Kc3 Rd3+ 32. Kc2 Rd4 33. Rxg7 Rxb4 34. Rxh7 Ra4 35. Kd2 Ke5 36. g3 f5 37. Re7+ Kf6 38. Re8 Kf7 39. Rb8 Ke6 40. h4 f4 41. gxf4 Kf5 42. h5 Ra2+ 43. Ke3 Ra3+ 44. Ke2 Kxf4 45. h6 Rh3 46. Rf8+ Kg5 47. Rh8 Kg6 48. Ra8 Kf5 49. Ra6 Kf4 50. Kf1 e3 51. fxe3+ Rxe3 52. h7 Rh3 53. Ra7 Kf5 54. Kg2 Rh6 55. Kg3 Kg6 56. Ra6+ Kxh7 57. Rxh6+ Kxh6 1/2-1/2

[Event "CCT Play-in Chessable Masters 2024"]
[Site "Online"]
[Date "2024.01.31"]
[Round "2"]
[White "baki83"]
[Black "Keymer, Vincent"]
[Result "0-1"]
[WhiteElo "2583"]
[BlackElo "2743"]
[Annotator "NA"]
[PlyCount "86"]
[EventDate "2024.01.26"]
[EventType "swiss"]
[EventCountry "NET"]
[SourceTitle "playchess.com"]
[Source "ChessBase"]
[SourceQuality "1"]

1. e4 c6 2. Nc3 d5 3. Nf3 Bg4 4. h3 Bxf3 5. Qxf3 e6 6. Be2 d4 7. Nb1 Ne7 8. d3 h5 9. h4 Ng6 10. g3 Bb4+ 11. Kf1 Nd7 12. Qg2 Nge5 13. a3 Ba5 14. f4 Ng4 15. Bxg4 hxg4 16. Qe2 O-O 17. Qxg4 f5 18. exf5 exf5 19. Qf3 Nf6 20. Nd2 Ng4 21. Nc4 Bc7 22. a4 a6 23. Bd2 b5 24. Na3 Qd7 25. Kg2 Bd6 26. Rhe1 Rae8 27. axb5 axb5 28. Kg1 Kh7 29. Rac1 Rxe1+ 30. Rxe1 Re8 31. Re2 Ra8 32. Bc1 Bb4 33. Kg2 Ra7 34. Kg1 c5 35. Kg2 c4 36. dxc4 Bxa3 37. bxa3 bxc4 38. Bb2 c3 39. Bc1 Rb7 40. Kh3 Rb1 41. Re1 d3 42. cxd3 Qxd3 43. Qc6 Qc2 0-1

[Event "CCT Play-in Chessable Masters 2024"]
[Site "Online"]
[Date "2024.01.31"]
[Round "2"]
[White "BilodeauA"]
[Black "HansOnTwitch"]
[Result "1/2-1/2"]
[WhiteElo "2582"]
[BlackElo "2724"]
[Annotator "TA"]
[PlyCount "52"]
[EventDate "2024.01.26"]
[EventType "swiss"]
[EventCountry "NET"]
[SourceTitle "playchess.com"]
[Source "ChessBase"]
[SourceQuality "1"]

1. e4 e5 2. Nf3 Nc6 3. Bb5 Nf6 4. d3 Bc5 5. Bxc6 dxc6 6. O-O Nd7 7. Nbd2 O-O 8. Nc4 Re8 9. a4 a5 10. Kh1 b6 11. Ng1 Ba6 12. Ne3 Nf8 13. Ne2 Ng6 14. Ng3 Bc8 15. Ngf5 Be6 16. Qf3 f6 17. Bd2 Qd7 18. g3 Ne7 19. g4 Rf8 20. Rg1 g6 21. Nh6+ Kh8 22. Qg3 Bd4 23. Rab1 Ba2 24. Ra1 Be6 25. Rab1 Ba2 26. Ra1 Be6 1/2-1/2

[Event "CCT Play-in Chessable Masters 2024"]
[Site "Online"]
[Date "2024.01.31"]
[Round "2"]
[White "Bachmann, Axel"]
[Black "jefferyx"]
[Result "1/2-1/2"]
[WhiteElo "2578"]
[BlackElo "2661"]
[Annotator "RC"]
[PlyCount "165"]
[EventDate "2024.01.26"]
[EventType "swiss"]
[EventCountry "NET"]
[SourceTitle "playchess.com"]
[Source "ChessBase"]
[SourceQuality "1"]

1. e4 c5 2. b3 g6 3. Bb2 Nf6 4. e5 Nd5 5. Qf3 Nc7 6. Bc4 e6 7. Nc3 Bg7 8. Qg3 O-O 9. Nf3 b6 10. Ne4 Bb7 11. Nf6+ Bxf6 12. exf6 Bxf3 13. Qxf3 d5 14. Be2 Nd7 15. g4 e5 16. g5 Ne6 17. h4 e4 18. Qh3 Nf4 19. Qh2 Nxe2 20. h5 Qb8 21. Kxe2 Qxh2 22. Rxh2 gxh5 23. Rxh5 Rfe8 24. Rah1 Nf8 25. g6 fxg6 26. Rxd5 Rad8 27. Rxd8 Rxd8 28. a4 Kf7 29. a5 h5 30. axb6 axb6 31. Ke3 Nd7 32. Kxe4 Nxf6+ 33. Bxf6 Kxf6 34. d3 Rd4+ 35. Kf3 h4 36. Ra1 g5 37. Ra6 Rb4 38. Ra8 Ke5 39. Ke3 h3 40. Re8+ Kf5 41. Kf3 Rh4 42. Re1 h2 43. Rh1 Ke5 44. Kg3 Kd4 45. Rxh2 Rxh2 46. Kxh2 Kc3 47. Kg3 Kxc2 48. Kg4 Kxd3 49. Kxg5 Kc3 50. f4 Kxb3 51. f5 c4 52. f6 c3 53. f7 c2 54. f8=Q c1=Q+ 55. Kg4 Qg1+ 56. Kh3 Qc5 57. Qd8 b5 58. Kg2 b4 59. Kf1 Qc1+ 60. Ke2 Kb2 61. Kf3 b3 62. Kg4 Qc4+ 63. Kh5 Kc2 64. Qf6 Qe2+ 65. Kh6 b2 66. Qf5+ Kc1 67. Qc5+ Kd1 68. Qg1+ Kc2 69. Qc5+ Kb1 70. Kg7 Qg4+ 71. Kh8 Qa4 72. Qg1+ Ka2 73. Qg8+ Ka1 74. Qg7 Qa8+ 75. Kh7 Qe4+ 76. Kh8 Qe8+ 77. Kh7 Qe4+ 78. Kh8 Qa8+ 79. Kh7 Ka2 80. Qf7+ Ka3 81. Qe7+ Ka2 82. Qf7+ Ka1 83. Qg7 1/2-1/2

[Event "CCT Play-in Chessable Masters 2024"]
[Site "Online"]
[Date "2024.01.31"]
[Round "2"]
[White "Prohaszka, Peter"]
[Black "MashaPutina"]
[Result "0-1"]
[WhiteElo "2578"]
[BlackElo "2652"]
[Annotator "TA"]
[PlyCount "98"]
[EventDate "2024.01.26"]
[EventType "swiss"]
[EventCountry "NET"]
[SourceTitle "playchess.com"]
[Source "ChessBase"]
[SourceQuality "1"]

1. d4 Nf6 2. Nf3 e6 3. Bf4 c5 4. c3 Be7 5. e3 b6 6. a4 O-O 7. h3 d6 8. Nbd2 cxd4 9. exd4 Bb7 10. Be2 a6 11. O-O Nbd7 12. Re1 Re8 13. Bg3 Qc7 14. Nh2 Bc6 15. Bf3 b5 16. a5 Rac8 17. Nhf1 Nd5 18. Ne3 N7f6 19. Nc2 Qd7 20. Nb3 Bb7 21. Qe2 Bf8 22. Qf1 g6 23. Nc1 Bg7 24. Nd3 h6 25. Qe2 Red8 26. Ncb4 Ne7 27. Bh2 Nf5 28. Bxb7 Qxb7 29. Red1 Nh4 30. Ne1 g5 31. Qd3 Rc4 32. Nf3 Nxf3+ 33. Qxf3 Qxf3 34. gxf3 Nd5 35. Nxa6 Ra8 36. Nb4 Nxb4 37. cxb4 Rxb4 38. Bxd6 Rxb2 39. Bc7 Bf6 40. Bb6 Bd8 41. Rab1 Rc2 42. Rxb5 Kg7 43. Kg2 Bxb6 44. axb6 Raa2 45. Rf1 Rab2 46. Rxb2 Rxb2 47. Rd1 Rxb6 48. f4 gxf4 49. Kf3 Rb3+ 0-1

[Event "CCT Play-in Chessable Masters 2024"]
[Site "Online"]
[Date "2024.01.31"]
[Round "2"]
[White "Akobian, Varuzhan"]
[Black "Tabatabaei, M. Amin"]
[Result "0-1"]
[WhiteElo "2571"]
[BlackElo "2696"]
[Annotator "TA"]
[PlyCount "124"]
[EventDate "2024.01.26"]
[EventType "swiss"]
[EventCountry "NET"]
[SourceTitle "playchess.com"]
[Source "ChessBase"]
[SourceQuality "1"]

1. d4 Nf6 2. c4 e6 3. Nf3 d5 4. cxd5 exd5 5. Nc3 Bb4 6. Bg5 Nbd7 7. e3 c5 8. Be2 Qa5 9. O-O Bxc3 10. bxc3 Ne4 11. c4 O-O 12. cxd5 Nc3 13. Qc2 cxd4 14. e4 Re8 15. Bd3 Nc5 16. Bd2 Qa4 17. Qxa4 N3xa4 18. Bb1 Nxe4 19. Re1 Bf5 20. Nxd4 Nxd2 21. Bxf5 Rxe1+ 22. Rxe1 g6 23. Bc2 Nb6 24. Rd1 Ndc4 25. Bb3 Nd6 26. Kf1 Rc8 27. Ne2 a5 28. Rc1 Rxc1+ 29. Nxc1 Kg7 30. a4 Nd7 31. Nd3 b6 32. Ke2 Kf6 33. Ke3 Nc5 34. Nxc5 bxc5 35. f4 Ke7 36. Kd3 h6 37. g3 Kf6 38. Ke3 Kg7 39. Kd3 Kf8 40. Ke3 Ke8 41. Kd3 Kd7 42. Ba2 Kc7 43. Bb3 Kc8 44. Bc4 Kd7 45. Bb3 Ke8 46. Bc4 Kf8 47. Bb3 Kg7 48. Ba2 Kf6 49. Ke3 g5 50. Bb3 Kf5 51. Kf3 gxf4 52. gxf4 Kg6 53. Kg4 Kf6 54. Kf3 Ke7 55. Ke3 Nc8 56. Ke4 Nb6 57. Ke5 Nd7+ 58. Kf5 Kd6 59. h4 Nb6 60. Kf6 c4 61. Ba2 c3 62. Kxf7 c2 0-1

[Event "CCT Play-in Chessable Masters 2024"]
[Site "Online"]
[Date "2024.01.31"]
[Round "2"]
[White "Le, Tuan Minh"]
[Black "stSecond"]
[Result "1-0"]
[WhiteElo "2567"]
[BlackElo "2532"]
[Annotator "RC"]
[PlyCount "55"]
[EventDate "2024.01.26"]
[EventType "swiss"]
[EventCountry "NET"]
[SourceTitle "playchess.com"]
[Source "ChessBase"]
[SourceQuality "1"]

1. d4 Nf6 2. c4 e6 3. Nf3 d5 4. Nc3 dxc4 5. Bg5 a6 6. a4 Nc6 7. e3 Na5 8. Nd2 c5 9. dxc5 Bxc5 10. Bxc4 Bb4 11. O-O Qc7 12. Bd3 Bxc3 13. Rc1 Nd5 14. bxc3 Bd7 15. Bh4 O-O 16. c4 Nb4 17. Bb1 Bc6 18. Ne4 f6 19. Nd6 Rad8 20. c5 b6 21. Bg3 e5 22. Qg4 bxc5 23. Rxc5 Qxd6 24. Qxb4 Nb7 25. Qc4+ Bd5 26. Qxd5+ Qxd5 27. Rxd5 Rxd5 28. Ba2 1-0